Kreativní ekonomika a její měření

Kreativita a kreatívna ekonomika. Meranie kreatívnej ekonomiky. Kreatívny sektor. Meranie podmienok pre rozvoj kreatívnej ekonomiky. Index kreativity. Výsledky merania kreativity pre regióny Českej republiky.

Gespeichert in:
Bibliographische Detailangaben
1. Verfasser: Kloudová, Jitka
Format: Buchkapitel
Sprache:Tschechisch
Schlagworte:
Tags: Tag hinzufügen
Keine Tags, Fügen Sie das erste Tag hinzu!

MARC

LEADER 00000naa$a2200000$$$4500
001 0094913
005 20231102114126.4
041 0 |a cze 
044 |a SK 
245 1 0 |a Kreativní ekonomika a její měření  |c Jitka Kloudová 
520 |a Kreativita a kreatívna ekonomika. Meranie kreatívnej ekonomiky. Kreatívny sektor. Meranie podmienok pre rozvoj kreatívnej ekonomiky. Index kreativity. Výsledky merania kreativity pre regióny Českej republiky. 
610 2 0 |a kreativita 
610 2 0 |a Česko 
610 2 0 |a výhody konkurenčné 
610 2 0 |a technológie informačné 
610 2 0 |a technológie komunikačné 
610 2 0 |a prostredie ekonomické 
610 2 0 |a inovácia 
100 1 |a Kloudová, Jitka